Top 10 najpopularniejszych języków w Nowym Jorku - Statystyki

Ogólne statystyki
  • Ten quiz został rozwiązany 205 razy
  • Średni wynik to 7 z 11
Statystyki odpowiedzi
% Język % Poprawnych
19.4 Hiszpański
95%
0.73 Polski
91%
0.77 Francuski
90%
1.01 Kreolski luizjański
90%
3.15 Chiński
89%
1.35 Rosyjski
82%
1.22 Włoski
75%
0.68 Arabski
59%
0.91 Koreański
58%
0.71 Jidysz
8%
0.77 Tagalog
5%
Nie znaleziono quizów pasujących do podanych kryteriów
Rozkład punktacji
Procent ludzi z każdym wynikiem
Percentyl według liczby udzielonych odpowiedzi
Twoja historia wyników
Nie rozwiązałeś tego quizu